[Event "Four Nations Chess League (GBR)"]
[Site "Hinckley ENG"]
[Date "2012.05.07"]
[Round "11"]
[White "Turner, Matthew J"]
[Black "Adams, Michael"]
[Result "0-1"]
[WhiteElo "2521"]
[BlackElo "2724"]
[PlyCount "74"]
[EventDate "2011.11.12"]

1. d4 Nf6 2. c4 e6 3. Nc3 Bb4 4. Qc2 O-O 5. a3 Bxc3+ 6. Qxc3 d5 7. Bg5 c5 8. e3
cxd4 9. exd4 dxc4 10. Bxc4 h6 11. Bxf6 Qxf6 12. Nf3 Nc6 13. O-O Rd8 14. Rfd1
Bd7 15. Rac1 Ne7 16. Ne5 Be8 17. g4 Rac8 18. Qe3 Bc6 19. f3 Nd5 20. Bxd5 Bxd5
21. Kg2 Qe7 22. Rxc8 Rxc8 23. Rc1 Rd8 24. Qf4 g5 25. Qe3 f6 26. Nd3 a5 27. b4
a4 28. h4 Kg7 29. h5 Qd6 30. Nc5 f5 31. Nd3 fxg4 32. Qe5+ Qxe5 33. Nxe5 Bxf3+
34. Kg3 Rxd4 35. Rc7+ Kf6 36. Nf7 Rd2 37. Nxh6 Rg2# 0-1

[Event "Four Nations Chess League (GBR)"]
[Site "Hinckley ENG"]
[Date "2012.05.07"]
[Round "11"]
[White "Paehtz, Elisabeth"]
[Black "Short, Nigel D"]
[Result "0-1"]
[WhiteElo "2454"]
[BlackElo "2687"]
[PlyCount "30"]
[EventDate "2011.11.12"]

1. e4 c5 2. Nf3 Nc6 3. c3 d5 4. exd5 Qxd5 5. d4 Bf5 6. Be3 Nf6 7. Na3 cxd4 8.
Nb5 O-O-O 9. Nfxd4 Ng4 10. Qe2 Nxe3 11. Qxe3 Nxd4 12. Nxd4 e6 13. Nb3 Bc2 14.
Be2 Bxb3 15. Bf3 Qa5 0-1

[Event "Capablanca Memorial"]
[Site "?"]
[Date "2012.05.07"]
[Round "4"]
[White "Dominguez Perez, Lenier"]
[Black "Quesada Perez, Yuniesky"]
[Result "1/2-1/2"]
[WhiteElo "2725"]
[BlackElo "2625"]
[PlyCount "67"]
[EventDate "2012.??.??"]
[SourceDate "2012.05.08"]

1. e4 e5 2. Nf3 Nc6 3. Bb5 Nf6 4. O-O Nxe4 5. d4 Nd6 6. Bxc6 dxc6 7. dxe5 Nf5
8. Qxd8+ Kxd8 9. Nc3 Ke8 10. h3 h5 11. Bg5 Be6 12. Rad1 Be7 13. Rd2 Rd8 14.
Rfd1 Rxd2 15. Rxd2 h4 16. Bxe7 Nxe7 17. Ng5 Bc8 18. Ne2 Ng6 19. f4 Ne7 20. Ne4
Nf5 21. Kf2 Ke7 22. Nd4 Nxd4 23. Rxd4 b6 24. Ng5 c5 25. Rd2 Bf5 26. Ke3 Rh6 27.
a3 Rh8 28. Nf3 a5 29. Ng5 f6 30. Nf3 Kf7 31. Kf2 Ke7 32. Ke3 Kf7 33. Kf2 Ke7
34. Ke3 1/2-1/2

[Event "Capablanca Memorial"]
[Site "?"]
[Date "2012.05.07"]
[Round "4"]
[White "Ivanchuk, Vassily"]
[Black "Nepomniachtchi, Ian"]
[Result "1/2-1/2"]
[WhiteElo "2764"]
[BlackElo "2716"]
[PlyCount "94"]
[EventDate "2012.??.??"]
[SourceDate "2012.05.08"]

1. Nf3 c5 2. e4 d6 3. d4 cxd4 4. Nxd4 Nf6 5. Nc3 a6 6. Be3 Ng4 7. Bc1 Nf6 8.
Be3 Ng4 9. Bg5 h6 10. Bh4 g5 11. Bg3 Bg7 12. Nb3 Nc6 13. h4 gxh4 14. Rxh4 h5
15. Qd2 Be6 16. f3 Nge5 17. Bf2 Bc4 18. Nd5 e6 19. Nb6 Bxf1 20. Kxf1 Rb8 21.
Rd1 Qf6 22. Rh3 h4 23. Nd4 Rd8 24. Nxc6 bxc6 25. Qb4 Ng6 26. Bd4 e5 27. Be3 O-O
28. Qa4 d5 29. exd5 e4 30. c3 Rfe8 31. dxc6 Rxd1+ 32. Qxd1 Qxc6 33. Qa4 Qb5+
34. Qxb5 axb5 35. Nd5 exf3 36. Rxf3 Rd8 37. Rf5 Ne5 38. Ne7+ Kf8 39. Bc5 Ke8
40. Ke2 f6 41. Bb4 Kf7 42. Rh5 Bf8 43. Rxh4 Re8 44. Rh7+ Ke6 45. Rh8 Kf7 46.
Rh7+ Ke6 47. Rh8 Kf7 1/2-1/2

[Event "Asian Continental"]
[Site "?"]
[Date "2012.05.05"]
[Round "1"]
[White "Le Quang, Liem"]
[Black "Xiu, Deshun"]
[Result "0-1"]
[WhiteElo "2703"]
[BlackElo "2494"]
[PlyCount "58"]
[EventDate "2012.??.??"]
[SourceDate "2012.05.09"]

1. c4 c5 2. Nf3 g6 3. d4 cxd4 4. Nxd4 Nc6 5. e4 Nf6 6. Nc3 d6 7. f3 Qb6 8. Be3
Be6 9. Qd2 Nxd4 10. Bxd4 Bh6 11. Qf2 Qa5 12. a3 O-O 13. b4 Qd8 14. Be2 Rc8 15.
Nd5 Bxd5 16. exd5 b5 17. Qh4 Bg7 18. cxb5 Rc2 19. g3 Qa8 20. Bd3 Qxd5 21. Bxc2
g5 22. Qh3 Qxd4 23. Ke2 g4 24. fxg4 Qb2 25. Rac1 Rc8 26. Kd1 Ne4 27. Qxh7+ Kxh7
28. Bxe4+ Kh6 29. Rxc8 Qd4+ 0-1

[Event "Asian Continental"]
[Site "?"]
[Date "2012.05.08"]
[Round "4"]
[White "Nguyen, Van Huy"]
[Black "Le Quang, Liem"]
[Result "0-1"]
[WhiteElo "2502"]
[BlackElo "2703"]
[PlyCount "100"]
[EventDate "2012.??.??"]
[SourceDate "2012.05.09"]

1. d4 Nf6 2. Nf3 e6 3. g3 d5 4. Bg2 b5 5. O-O Nbd7 6. Bg5 Be7 7. Nbd2 c5 8.
dxc5 Nxc5 9. Nd4 Bd7 10. c3 O-O 11. Bxf6 Bxf6 12. e4 Nxe4 13. Nxe4 dxe4 14.
Bxe4 Rb8 15. Qd3 h6 16. Rad1 Qc7 17. a3 Rfc8 18. Qf3 a5 19. Rd3 Be8 20. Rfd1 b4
21. axb4 axb4 22. cxb4 Rxb4 23. Rc3 Qb8 24. Nc6 Bxc6 25. Rxc6 Rxc6 26. Bxc6
Rxb2 27. Ra1 Rxf2 28. Ra8 Qxa8 29. Bxa8 Rxf3 30. Bxf3 Bd4+ 31. Kg2 g6 32. Bd1
f5 33. h4 h5 34. Ba4 Kf7 35. Kf3 Bb6 36. Bb5 Ba5 37. Bc6 Be1 38. Kf4 e5+ 39.
Kf3 g5 40. hxg5 Kg6 41. Kg2 Kxg5 42. Kh3 h4 43. gxh4+ Bxh4 44. Kg2 e4 45. Kf1
Kf6 46. Ke2 Ke5 47. Be8 f4 48. Bh5 Bd8 49. Bg4 Bb6 50. Bh5 Kf5 0-1

[Event "Capablanca Memorial"]
[Site "?"]
[Date "2012.05.08"]
[Round "5"]
[White "Laznicka, Viktor"]
[Black "Ivanchuk, Vassily"]
[Result "0-1"]
[WhiteElo "2693"]
[BlackElo "2764"]
[PlyCount "64"]
[EventDate "2012.??.??"]
[SourceDate "2012.05.09"]

1. d4 Nf6 2. c4 e6 3. Nc3 Bb4 4. e3 c5 5. Nf3 Nc6 6. Bd3 Bxc3+ 7. bxc3 d6 8.
O-O e5 9. Nd2 O-O 10. Rb1 b6 11. d5 Ne7 12. Qc2 g6 13. f4 exf4 14. h3 Nf5 15.
Bxf5 Bxf5 16. e4 Bd7 17. Rxf4 Qe7 18. Bb2 Nh5 19. Rf2 f5 20. Re1 Rae8 21. Bc1
f4 22. Qd1 Qg7 23. Nf1 Re5 24. Nh2 Qe7 25. Qd3 Rg5 26. g4 fxg3 27. Rxf8+ Qxf8
28. Nf3 Re5 29. Kg2 Re7 30. e5 dxe5 31. d6 Re6 32. Qd5 Nf6 0-1

[Event "Capablanca Memorial"]
[Site "?"]
[Date "2012.05.09"]
[Round "5"]
[White "Nepomniachtchi, Ian"]
[Black "Dominguez Perez, Lenier"]
[Result "1/2-1/2"]
[WhiteElo "2716"]
[BlackElo "2725"]
[PlyCount "52"]
[EventDate "2012.??.??"]
[SourceDate "2012.05.09"]

1. e4 c5 2. Nf3 d6 3. d4 cxd4 4. Nxd4 Nf6 5. Nc3 a6 6. Bg5 e6 7. f4 h6 8. Bh4
Qb6 9. a3 Be7 10. Bf2 Qc7 11. Qe2 Nc6 12. h3 b5 13. g4 Bb7 14. Bg2 Rc8 15. Nxc6
Qxc6 16. O-O-O Qc4 17. Rhe1 Qxe2 18. Rxe2 Nd7 19. Bg3 Nb6 20. Rd3 Nc4 21. Nd1
g5 22. f5 Ne5 23. Bxe5 dxe5 24. Ne3 Bc5 25. Red2 Bc6 26. b4 Bb6 1/2-1/2

[Event "USA Championship"]
[Site "?"]
[Date "2012.05.08"]
[Round "1"]
[White "Kamsky, Gata"]
[Black "Ramirez, Alejandro"]
[Result "1-0"]
[WhiteElo "2741"]
[BlackElo "2593"]
[PlyCount "77"]
[EventDate "2012.??.??"]
[SourceDate "2012.05.09"]

1. e4 c5 2. Nf3 e6 3. d4 cxd4 4. Nxd4 a6 5. Bd3 Nf6 6. O-O e5 7. Nb3 Nc6 8. Nc3
d6 9. Nd5 Be7 10. c4 Be6 11. Be3 Nd7 12. Qd2 O-O 13. Rad1 Nc5 14. Bb1 Rc8 15.
Nc1 Re8 16. Nxe7+ Rxe7 17. b3 Rd7 18. Ne2 b5 19. cxb5 axb5 20. h3 b4 21. f4
exf4 22. Nxf4 Qh4 23. Nd5 Nxe4 24. Bxe4 Qxe4 25. Nb6 Rdd8 26. Nxc8 Rxc8 27. Rf4
Qe5 28. Kh1 h6 29. Rf3 d5 30. Re1 Qh5 31. Rg3 Ne7 32. Bd4 Nf5 33. Rg4 Nxd4 34.
Rxd4 Qg6 35. Rc1 Re8 36. Kh2 Qh5 37. Re1 Rc8 38. Rxb4 Bf5 39. g4 1-0

[Event "Asian Continental"]
[Site "?"]
[Date "2012.05.09"]
[Round "5"]
[White "Le Quang, Liem"]
[Black "Salem, A R Saleh"]
[Result "0-1"]
[WhiteElo "2703"]
[BlackElo "2528"]
[PlyCount "134"]
[EventDate "2012.??.??"]
[SourceDate "2012.05.09"]

1. d4 Nf6 2. c4 g6 3. Nc3 d5 4. cxd5 Nxd5 5. e4 Nxc3 6. bxc3 Bg7 7. Bc4 Nc6 8.
Ne2 O-O 9. O-O e5 10. Be3 Qe7 11. f3 exd4 12. cxd4 Rd8 13. Qa4 Bd7 14. Qc2 Na5
15. Nf4 Qb4 16. Rfc1 b5 17. Bd5 Bxd4 18. Qf2 Bxe3 19. Qxe3 c6 20. a3 Qb2 21.
Rab1 Qe5 22. Ba2 Be8 23. Ne2 Qb8 24. Rc2 Qb6 25. Kf2 Kg7 26. a4 Rab8 27. Rb4
Rd3 28. Qxb6 Rxb6 29. axb5 cxb5 30. Rc8 Bd7 31. Rc7 a6 32. Bb1 Rd2 33. Ke3 Rc6
34. Ra7 Rd1 35. Bd3 Nc4+ 36. Bxc4 bxc4 37. Rbb7 Rcd6 38. Nf4 g5 39. Nd5 Be6 40.
Nc7 R6d3+ 41. Kf2 Bd7 42. Nd5 Be6 43. Nc7 R3d2+ 44. Kg3 Kf6 45. Nd5+ Ke5 46.
f4+ gxf4+ 47. Nxf4 Ra1 48. Nxe6 fxe6 49. Rc7 Ra3+ 50. Kh4 Rxg2 51. Rxc4 Rxh2+
52. Kg4 Rg2+ 53. Kh4 Rgg3 54. Rc5+ Kxe4 55. Re7 Rg6 56. Rxh7 Ra1 57. Kh5 Rg8
58. Rc4+ Kd5 59. Rh4 Rag1 60. Rh2 a5 61. Kh4 a4 62. Kh3 R1g3+ 63. Kh4 a3 64.
Rd7+ Kc6 65. Re7 Kd6 66. Ra7 R3g7 67. Rd2+ Ke5 0-1

[Event "20th Sigeman & Co"]
[Site "Malmo SWE"]
[Date "2012.05.09"]
[Round "1"]
[White "Caruana, Fabiano"]
[Black "Giri, Anish"]
[Result "1-0"]
[WhiteElo "2770"]
[BlackElo "2693"]
[PlyCount "81"]
[EventDate "2012.05.09"]

1. e4 e5 2. Nf3 Nc6 3. Bb5 Nf6 4. d3 Bc5 5. c3 O-O 6. O-O d6 7. h3 Ne7 8. d4
Bb6 9. Re1 c6 10. Bd3 Ng6 11. Be3 Re8 12. Nbd2 h6 13. Qc2 Bd7 14. Rad1 Bc7 15.
dxe5 Nxe5 16. Nxe5 dxe5 17. Bf1 Qe7 18. b4 Red8 19. a4 Be6 20. a5 Nd7 21. Ra1
b6 22. a6 Nf8 23. Nf3 Ng6 24. g3 Bd6 25. Red1 Rac8 26. Rd2 Bc7 27. Rad1 Rxd2
28. Rxd2 Rd8 29. h4 Nf8 30. Rxd8 Qxd8 31. Nd2 Qc8 32. Qa4 Bd6 33. Nc4 Bxc4 34.
Bxc4 b5 35. Qd1 Be7 36. Bb3 Ne6 37. Qg4 Kf8 38. Qf5 Bf6 39. g4 Ke8 40. g5 hxg5
41. hxg5 1-0

[Event "20th Sigeman & Co"]
[Site "Malmo SWE"]
[Date "2012.05.09"]
[Round "1"]
[White "Leko, Peter"]
[Black "Grandelius, Nils"]
[Result "1/2-1/2"]
[WhiteElo "2723"]
[BlackElo "2556"]
[PlyCount "101"]
[EventDate "2012.05.09"]

1. e4 c5 2. Nf3 d6 3. d4 cxd4 4. Nxd4 Nf6 5. Nc3 g6 6. Be3 Bg7 7. f3 Nc6 8. Qd2
O-O 9. Bc4 Bd7 10. O-O-O Rc8 11. Bb3 Nxd4 12. Bxd4 b5 13. Nd5 Nxd5 14. Bxg7
Kxg7 15. exd5 a5 16. a3 Kg8 17. Rhe1 Rc5 18. Re3 Qa8 19. Rxe7 Bf5 20. g4 a4 21.
Bxa4 Qxa4 22. gxf5 Rfc8 23. c3 b4 24. axb4 Qa1+ 25. Kc2 Qa4+ 26. Kc1 Qa1+ 27.
Kc2 Qa4+ 28. Kb1 Rxc3 29. Ra7 Qxb4 30. f6 Qb3 31. Ra3 Qc2+ 32. Qxc2 Rxc2 33. h4
R2c4 34. Ra6 Rxh4 35. Rxd6 Rf4 36. Rd3 h5 37. Rc6 Rd8 38. b3 Rf5 39. d6 Rxf6
40. Kc2 h4 41. Rc4 Rdxd6 42. Rxd6 Rxd6 43. Rxh4 Kg7 44. Rc4 g5 45. b4 Kg6 46.
b5 Kh5 47. Rb4 Rb6 48. Kd3 f5 49. Ke2 g4 50. Kf2 gxf3 51. Kxf3 1/2-1/2

[Event "20th Sigeman & Co"]
[Site "Malmo SWE"]
[Date "2012.05.09"]
[Round "1"]
[White "Berg, Emanuel"]
[Black "Li, Chao b"]
[Result "1/2-1/2"]
[WhiteElo "2587"]
[BlackElo "2703"]
[PlyCount "119"]
[EventDate "2012.05.09"]

1. e4 c5 2. Nf3 Nc6 3. d4 cxd4 4. Nxd4 e5 5. Nb5 a6 6. Nd6+ Bxd6 7. Qxd6 Qe7 8.
Qd1 Nf6 9. Nc3 d6 10. Be2 O-O 11. Be3 b5 12. O-O Bb7 13. a4 Nd4 14. Bxd4 exd4
15. Qxd4 Nxe4 16. Nxe4 Bxe4 17. Rfe1 Qb7 18. axb5 axb5 19. Rxa8 Rxa8 20. Bf1
Bxc2 21. Qxd6 Be4 22. Rc1 h6 23. h4 b4 24. Rc7 Qd5 25. Qxd5 Bxd5 26. Bc4 Ra5
27. b3 g6 28. Bxd5 Rxd5 29. Rc4 Rb5 30. Kf1 Kg7 31. Ke2 Kf6 32. Rd4 Ke5 33. Ke3
h5 34. g3 Rb7 35. Kd3 f6 36. Ke3 g5 37. Rc4 Rb5 38. Re4+ Kf5 39. Rd4 Ke6 40.
Rc4 Re5+ 41. Kf3 Rf5+ 42. Kg2 Rb5 43. Re4+ Kf5 44. f3 Kg6 45. Rc4 Rb6 46. Kh3
Rb5 47. Kg2 Rb6 48. Kf2 Rb5 49. Ke3 Re5+ 50. Kf2 Rb5 51. Rd4 Rc5 52. Rxb4 Rc2+
53. Ke3 Rc3+ 54. Ke2 Rc2+ 55. Kf1 Rc1+ 56. Kg2 Rc2+ 57. Kh3 Rf2 58. hxg5 fxg5
59. Rb6+ Kg7 60. Rb5 1/2-1/2

[Event "USA Championship"]
[Site "?"]
[Date "2012.05.09"]
[Round "2"]
[White "Robson, Ray"]
[Black "Kamsky, Gata"]
[Result "1/2-1/2"]
[WhiteElo "2614"]
[BlackElo "2741"]
[PlyCount "56"]
[EventDate "2012.??.??"]
[SourceDate "2012.05.10"]

1. e4 c5 2. Nf3 b6 3. d4 cxd4 4. Nxd4 Bb7 5. Nc3 Nc6 6. Be3 Nf6 7. f3 e6 8. Qd2
Bb4 9. O-O-O O-O 10. a3 Bxc3 11. Qxc3 Rc8 12. Qe1 Nxd4 13. Bxd4 Qc7 14. Bd3 e5
15. Bc3 Rfe8 16. Qh4 a5 17. Rhe1 d6 18. Re3 b5 19. f4 b4 20. axb4 axb4 21. Bxb4
Qb6 22. Rg3 Qxb4 23. Qxf6 g6 24. f5 Ra8 25. Kb1 Qa4 26. Kc1 Qb4 27. Kb1 Qa4 28.
Kc1 Qb4 1/2-1/2

[Event "Asian Continental"]
[Site "?"]
[Date "2012.05.10"]
[Round "6"]
[White "Jumabayev, Rinat"]
[Black "Le Quang, Liem"]
[Result "0-1"]
[WhiteElo "2556"]
[BlackElo "2703"]
[PlyCount "150"]
[EventDate "2012.??.??"]
[SourceDate "2012.05.10"]

1. Nf3 Nf6 2. c4 g6 3. Nc3 d5 4. cxd5 Nxd5 5. Qa4+ Bd7 6. Qh4 Bc6 7. Qd4 f6 8.
e4 Nxc3 9. bxc3 Qxd4 10. Nxd4 Bd7 11. Rb1 e5 12. Nc2 b6 13. d4 Bd6 14. Bh6 Kf7
15. h4 Re8 16. Kd2 Bc8 17. Bb5 c6 18. Bd3 Ba6 19. Be3 h5 20. f3 Bxd3 21. Kxd3
Nd7 22. Bf2 Nf8 23. g3 Ne6 24. a4 Rad8 25. Rhd1 Rd7 26. Ke2 Rc7 27. Ne3 Rd8 28.
a5 exd4 29. axb6 axb6 30. cxd4 b5 31. d5 cxd5 32. Nxd5 Rb7 33. f4 Rc8 34. Be1
Rc2+ 35. Rd2 Rc6 36. Rdb2 Rc4 37. Rxb5 Nd4+ 38. Kd3 Nxb5 39. Rxb5 Rxb5 40. Kxc4
Rb1 41. Bc3 f5 42. exf5 gxf5 43. Ne3 Kg6 44. Kd5 Bb4 45. Bd4 Be1 46. Nc4 Rd1
47. Ne3 Rd3 48. Nc4 Kh7 49. Nd6 Kg6 50. Nc4 Rd1 51. Ne3 Rb1 52. Nc4 Bxg3 53.
Ne5+ Kh7 54. Ke6 Rf1 55. Nd7 Rxf4 56. Be5 Rf3 57. Bxg3 Rxg3 58. Kxf5 Kh6 59.
Ne5 Rh3 60. Nf7+ Kg7 61. Ne5 Rxh4 62. Kg5 Rb4 63. Nf3 Rb5+ 64. Kh4 Kg6 65. Kg3
Rb3 66. Kf4 Rb4+ 67. Kg3 Rg4+ 68. Kh3 Kf5 69. Nh4+ Kf4 70. Ng2+ Kg5 71. Ne1 Rf4
72. Kg2 Ra4 73. Nf3+ Kf4 74. Nh2 Ra2+ 75. Kh3 Rf2 0-1

[Event "20th Sigeman & Co"]
[Site "Malmo SWE"]
[Date "2012.05.10"]
[Round "2"]
[White "Hector, Jonny"]
[Black "Leko, Peter"]
[Result "1/2-1/2"]
[WhiteElo "2560"]
[BlackElo "2723"]
[PlyCount "72"]
[EventDate "2012.05.09"]

1. e4 e5 2. Nc3 Nc6 3. g3 Bc5 4. Bg2 d6 5. d3 Nf6 6. Nge2 a6 7. O-O O-O 8. h3
Be6 9. Nd5 Bxd5 10. exd5 Nd4 11. Nxd4 Bxd4 12. c3 Bb6 13. a4 a5 14. d4 exd4 15.
cxd4 Re8 16. Ra3 Qd7 17. Re3 c6 18. dxc6 bxc6 19. Rfe1 d5 20. Qd3 h6 21. Bd2
Rxe3 22. Bxe3 Bc7 23. Rc1 Bd6 24. Bf1 Ne4 25. Kg2 Rb8 26. Qc2 Rb6 27. Bd3 f5
28. Re1 Qf7 29. Re2 Qg6 30. Kf1 Qh5 31. Kg2 Qg6 32. Kf1 h5 33. Bd2 Bb4 34. Bf4
Bd6 35. Bd2 Bb4 36. Bf4 Bd6 1/2-1/2

[Event "20th Sigeman & Co"]
[Site "Malmo SWE"]
[Date "2012.05.10"]
[Round "2"]
[White "Giri, Anish"]
[Black "Li, Chao b"]
[Result "1/2-1/2"]
[WhiteElo "2693"]
[BlackElo "2703"]
[PlyCount "71"]
[EventDate "2012.05.09"]

1. d4 d5 2. c4 c6 3. Nf3 Nf6 4. e3 g6 5. Nc3 Bg7 6. Be2 O-O 7. O-O b6 8. b3 Ne4
9. Bb2 Nxc3 10. Bxc3 Bb7 11. Qc2 e6 12. Rfd1 Qe7 13. Qb2 Nd7 14. cxd5 exd5 15.
a4 a6 16. Ne1 a5 17. b4 axb4 18. Bxb4 c5 19. Bc3 Nf6 20. Bf3 Bc6 21. Qxb6 Bxa4
22. Rdc1 Nd7 23. Qb7 Rab8 24. Qxd5 Bb3 25. Qe4 Qxe4 26. Bxe4 cxd4 27. Bxd4 Bxd4
28. exd4 Nf6 29. Bc6 Rfd8 30. Nf3 Nd5 31. g3 Nb4 32. Be4 f5 33. Bb1 Rbc8 34.
Re1 Rc3 35. Ne5 Rxd4 36. Ra7 1/2-1/2

[Event "20th Sigeman & Co"]
[Site "Malmo SWE"]
[Date "2012.05.10"]
[Round "2"]
[White "Caruana, Fabiano"]
[Black "Tikkanen, Hans"]
[Result "1-0"]
[WhiteElo "2770"]
[BlackElo "2566"]
[PlyCount "65"]
[EventDate "2012.05.09"]

1. d4 Nf6 2. c4 g6 3. g3 Bg7 4. Bg2 d5 5. cxd5 Nxd5 6. Nf3 Nb6 7. Nc3 Nc6 8. e3
O-O 9. O-O Re8 10. Re1 a5 11. Qc2 a4 12. Rd1 Bf5 13. Qe2 Ra5 14. Bd2 Be6 15.
Ne4 Bc4 16. Qe1 Rb5 17. Bc3 Nd5 18. Nc5 a3 19. Nd2 axb2 20. Bxb2 Na5 21. Ba3 c6
22. Rdc1 Qa8 23. Rxc4 Nxc4 24. Nxc4 Nb6 25. Nxb6 Rxb6 26. Bb4 e5 27. dxe5 Bxe5
28. Bc3 Rb5 29. Nd7 Bxc3 30. Qxc3 Re6 31. Nf6+ Kf8 32. Nd5 Qa5 33. Qh8# 1-0

[Event "USA Championship"]
[Site "Saint Louis USA"]
[Date "2012.05.10"]
[Round "3"]
[White "Kamsky, Gata"]
[Black "Onischuk, Alexander"]
[Result "1-0"]
[WhiteElo "2741"]
[BlackElo "2660"]
[PlyCount "95"]
[EventDate "2012.??.??"]

1. d4 Nf6 2. Bf4 e6 3. e3 c5 4. c3 b6 5. Nf3 Bb7 6. h3 Be7 7. Nbd2 cxd4 8. cxd4
O-O 9. a3 d6 10. Be2 Nbd7 11. O-O Rc8 12. Bh2 Ne4 13. Nxe4 Bxe4 14. Ba6 Rc7 15.
Nd2 Bc6 16. Qe2 Qa8 17. e4 Bb7 18. Bd3 e5 19. Nc4 b5 20. Na5 exd4 21. Bxb5 Ne5
22. Nxb7 Qxb7 23. Rac1 Rxc1 24. Rxc1 Rc8 25. Rd1 Qb6 26. a4 h6 27. Bg3 Qc5 28.
Kh2 Bf6 29. f4 Ng6 30. Bd3 h5 31. b4 Qxb4 32. Qxh5 Qxa4 33. e5 dxe5 34. fxe5
Rc5 35. Re1 Nf8 36. Qg4 Be7 37. Rb1 Qd7 38. Bf5 Qd5 39. Rb8 g6 40. Re8 Rc7 41.
Bxg6 fxg6 42. Qxg6+ Kh8 43. e6 Rb7 44. Qf7 Rb2 45. Rxf8+ Bxf8 46. Qxf8+ Kh7 47.
Qf7+ Kh8 48. Qe8+ 1-0

[Event "Capablanca Memorial"]
[Site "Havana CUB"]
[Date "2012.05.10"]
[Round "6"]
[White "Potkin, Vladimir"]
[Black "Ivanchuk, Vassily"]
[Result "1/2-1/2"]
[WhiteElo "2642"]
[BlackElo "2764"]
[PlyCount "44"]
[EventDate "2012.??.??"]

1. d4 d5 2. c4 dxc4 3. e4 Nf6 4. e5 Nd5 5. Bxc4 Nb6 6. Bd3 Nc6 7. Be3 Nb4 8.
Be4 f5 9. exf6 exf6 10. Nc3 f5 11. Bb1 Bd6 12. Nf3 Be6 13. O-O Qd7 14. Re1
O-O-O 15. Bg5 Rde8 16. a3 N4d5 17. Nxd5 Bxd5 18. Ne5 Bxe5 19. dxe5 Qe6 20. a4
h6 21. Bc1 Kb8 22. Ra3 Rhf8 1/2-1/2

[Event "Capablanca Memorial"]
[Site "Havana CUB"]
[Date "2012.05.10"]
[Round "6"]
[White "Laznicka, Viktor"]
[Black "Dominguez Perez, Leinier"]
[Result "1/2-1/2"]
[WhiteElo "2693"]
[BlackElo "2725"]
[PlyCount "49"]
[EventDate "2012.??.??"]

1. Nf3 c5 2. c4 Nc6 3. Nc3 g6 4. e3 Nf6 5. d4 cxd4 6. exd4 d5 7. Bg5 Be6 8.
Bxf6 exf6 9. Be2 Bg7 10. O-O O-O 11. Qa4 f5 12. Rfd1 Bd7 13. Qa3 dxc4 14. Bxc4
Rc8 15. Bf1 Qe7 16. Qxe7 Nxe7 17. Nb5 Bxb5 18. Bxb5 Rfd8 19. Rac1 Bh6 20. Rxc8
Nxc8 21. Ba4 Nd6 22. Ne5 Rc8 23. Bb3 Rc1 24. Rxc1 Bxc1 25. Nd3 1/2-1/2

[Event "Capablanca Memorial"]
[Site "Havana CUB"]
[Date "2012.05.10"]
[Round "6"]
[White "Nepomniachtchi, Ian"]
[Black "Quesada Perez, Yuniesky"]
[Result "1-0"]
[WhiteElo "2716"]
[BlackElo "2625"]
[PlyCount "69"]
[EventDate "2012.??.??"]

1. c4 Nf6 2. Nc3 e6 3. e4 d5 4. e5 d4 5. exf6 dxc3 6. bxc3 Qxf6 7. d4 e5 8. Nf3
exd4 9. Bg5 Qe6+ 10. Be2 Be7 11. Bxe7 Qxe7 12. cxd4 O-O 13. O-O Bg4 14. h3 Bxf3
15. Bxf3 Nc6 16. Rb1 Rad8 17. Re1 Qf6 18. Rxb7 Rxd4 19. Qe2 Rd7 20. Qe8 Re7 21.
Rxe7 Nxe7 22. Qd7 Qa1+ 23. Kh2 Qe5+ 24. g3 Rc8 25. Rb3 Qd6 26. Rd3 Qxd7 27.
Rxd7 Kf8 28. Bb7 Rb8 29. Rxc7 Ke8 30. Ba6 Kd8 31. Rxa7 Rb2 32. Bb5 Rxf2+ 33.
Kg1 Re2 34. c5 Re5 35. a4 1-0

[Event "Asian Continental"]
[Site "?"]
[Date "2012.05.11"]
[Round "7"]
[White "Le Quang, Liem"]
[Black "Liu, Qingnan"]
[Result "1-0"]
[WhiteElo "2703"]
[BlackElo "2483"]
[PlyCount "126"]
[EventDate "2012.??.??"]
[SourceDate "2012.05.11"]

1. d4 d6 2. c4 g6 3. Nc3 Bg7 4. e4 e5 5. Nge2 exd4 6. Nxd4 Nf6 7. Be2 O-O 8.
O-O Re8 9. f3 Nc6 10. Be3 Nh5 11. Qd2 Nf4 12. Rfd1 Nxe2+ 13. Ndxe2 Be6 14. b3
f5 15. Rac1 Qe7 16. Nf4 Qf7 17. h3 Ne5 18. Re1 Bd7 19. Nfd5 Rac8 20. f4 Nc6 21.
Bf2 a6 22. Re2 Ne7 23. Bd4 Nxd5 24. cxd5 fxe4 25. Bxg7 Qxg7 26. Rce1 Re7 27.
Nxe4 Rce8 28. g4 Kf8 29. Kh2 h5 30. Kg3 Qh8 31. Re3 b6 32. Ng5 Qf6 33. Nf3 Qf7
34. Rxe7 Rxe7 35. Ng5 Qf6 36. Rxe7 Kxe7 37. gxh5 gxh5 38. Qe2+ Kd8 39. Qxh5 Kc8
40. Nf3 Qb2 41. f5 Qf6 42. Kf4 Qc3 43. Qf7 Qh8 44. h4 Be8 45. Qe7 Kb7 46. Kg3
Bh5 47. f6 Qg8+ 48. Ng5 Qxd5 49. Qe4 Qxe4 50. Nxe4 Kc6 51. Kf4 d5 52. Ng3 Bf7
53. h5 Kd7 54. Kg5 Ke8 55. Nf5 Kf8 56. Ne7 Bxh5 57. Kxh5 d4 58. Kg6 d3 59. f7
Kxe7 60. Kg7 d2 61. f8=Q+ Kd7 62. Qf5+ Kc6 63. Qc2+ Kd5 1-0

[Event "20th Sigeman & Co"]
[Site "Malmo SWE"]
[Date "2012.05.11"]
[Round "3"]
[White "Leko, Peter"]
[Black "Caruana, Fabiano"]
[Result "1/2-1/2"]
[WhiteElo "2723"]
[BlackElo "2770"]
[PlyCount "78"]
[EventDate "2012.05.09"]

1. e4 e5 2. Nf3 Nc6 3. Bb5 a6 4. Ba4 Nf6 5. O-O Be7 6. Re1 b5 7. Bb3 d6 8. c3
O-O 9. h3 Re8 10. d4 Bb7 11. Nbd2 Bf8 12. a3 h6 13. Bc2 Nb8 14. b3 Nbd7 15. Bb2
g6 16. a4 c6 17. Bd3 Nh5 18. g3 Bg7 19. Qc2 Qb6 20. Bf1 Rac8 21. Bg2 a5 22. Nf1
bxa4 23. bxa4 exd4 24. Nxd4 Ne5 25. Ne3 Ba6 26. Ba3 Nc4 27. Nxc4 Bxc4 28. Rab1
Qa6 29. Red1 d5 30. exd5 cxd5 31. Nb5 Red8 32. Rd2 Nf6 33. Be7 Rd7 34. Bxf6
Qxf6 35. Qd1 Rcd8 36. Qf3 Qg5 37. Qd1 h5 38. h4 Qe5 39. Bf1 Qe7 1/2-1/2

[Event "20th Sigeman & Co"]
[Site "Malmo SWE"]
[Date "2012.05.11"]
[Round "3"]
[White "Li, Chao b"]
[Black "Grandelius, Nils"]
[Result "1/2-1/2"]
[WhiteElo "2703"]
[BlackElo "2556"]
[PlyCount "107"]
[EventDate "2012.05.09"]

1. e4 c5 2. Nf3 e6 3. d4 cxd4 4. Nxd4 a6 5. Bd3 g6 6. O-O Bg7 7. Nb3 Ne7 8. c4
O-O 9. Nc3 Nbc6 10. Be2 f5 11. c5 fxe4 12. Nxe4 b6 13. Nd6 bxc5 14. Be3 Bxb2
15. Rb1 Be5 16. Bxc5 Qc7 17. g3 Nd5 18. Ne4 d6 19. Ba3 Bb7 20. Bg4 Qe7 21. Nbc5
Bc8 22. Nxe6 Ne3 23. Qb3 Nxg4 24. Nxf8+ Kxf8 25. Qd5 Bd7 26. Nxd6 Nf6 27. Qd3
Kg8 28. Rfe1 Qe6 29. Nc4 Qf5 30. Qxf5 Bxf5 31. Rb6 Bc3 32. Re3 Nd4 33. Rxf6
Ne2+ 34. Rxe2 Bxf6 35. Nd6 Bh3 36. Ne4 Bd8 37. f3 Rc8 38. Rb2 Rc6 39. Bc5 Bf5
40. Be3 Be7 41. Kf2 h5 42. Ke2 Kf7 43. Kd3 Rd6+ 44. Bd4 Rd5 45. Ke3 Rb5 46. Rc2
Ra5 47. Rc7 Ke6 48. Rc6+ Kd5 49. Rb6 Ra3+ 50. Rb3 Rxb3+ 51. axb3 Bf8 52. Bc3
Bh6+ 53. Kd3 g5 54. Bd2 1/2-1/2

[Event "Capablanca Memorial"]
[Site "Havana CUB"]
[Date "2012.05.11"]
[Round "7"]
[White "Nepomniachtchi, Ian"]
[Black "Potkin, Vladimir"]
[Result "1/2-1/2"]
[WhiteElo "2716"]
[BlackElo "2642"]
[PlyCount "41"]
[EventDate "2012.??.??"]

1. c4 e6 2. Nc3 d5 3. d4 c6 4. e4 dxe4 5. Nxe4 Bb4+ 6. Bd2 Qxd4 7. Bxb4 Qxe4+
8. Be2 Na6 9. Ba5 f6 10. Qd8+ Kf7 11. O-O-O e5 12. Bd3 Qf4+ 13. Kb1 b6 14. Ne2
Qxf2 15. Ng3 Rb8 16. Rhf1 Bg4 17. Bg6+ hxg6 18. Rd7+ Ke6 19. Rd6+ Kf7 20. Rd7+
Ke6 21. Rd6+ 1/2-1/2

[Event "USA Championship"]
[Site "Saint Louis USA"]
[Date "2012.05.11"]
[Round "4"]
[White "Kaidanov, Gregory S"]
[Black "Kamsky, Gata"]
[Result "1-0"]
[WhiteElo "2594"]
[BlackElo "2741"]
[PlyCount "95"]
[EventDate "2012.??.??"]

1. d4 d5 2. c4 c6 3. Nf3 Nf6 4. Nc3 a6 5. e3 g6 6. Qb3 Bg7 7. Ne5 O-O 8. Be2
dxc4 9. Bxc4 e6 10. O-O Qc7 11. Be2 Nbd7 12. f4 c5 13. Bf3 Rb8 14. a4 b5 15.
axb5 Bb7 16. Bxb7 Qxb7 17. dxc5 Nxc5 18. Qa3 Rfc8 19. bxa6 Qa7 20. b4 Ncd7 21.
Ra2 Bf8 22. Nxd7 Nxd7 23. Ne4 Rxb4 24. Qd3 Bg7 25. Bd2 Rbb8 26. Rb1 Nb6 27. Nd6
Rd8 28. Nb5 Qa8 29. Qe2 Nd5 30. a7 Rbc8 31. Rc1 Bf8 32. Rxc8 Rxc8 33. h3 h5 34.
Kh2 h4 35. e4 Nf6 36. Ra4 Nh5 37. Rc4 Rc5 38. Rxc5 Bxc5 39. Be3 Bxa7 40. Bxa7
Nxf4 41. Qf3 g5 42. Be3 Ng6 43. Nd6 Qf8 44. Qd1 f6 45. Qd4 Qb8 46. Qb6 Qxb6 47.
Bxb6 Kf8 48. Bd8 1-0